[Event "World Rapid 2023"]
[Site "Samarkand UZB"]
[Date "2023.12.27"]
[EventDate "2023.12.26"]
[Round "6.45"]
[Result "1/2-1/2"]
[White "Renato Terry"]
[Black "Alexey Sarana"]
[WhiteElo "2522"]
[BlackElo "2688"]
[PlyCount "134"]

1. d4 Nf6 2. Bg5 e6 3. e4 h6 4. Bxf6 Qxf6 5. c3 d5 6. Nd2 c5 7. Bb5+ Nc6 8. Ngf3
cxd4 9. exd5 exd5 10. Nxd4 Bd7 11. O-O Be7 12. Qf3 O-O 13. N2b3 Rfd8 14. Be2 Ne5
15. Qxf6 Bxf6 16. Rfd1 Rac8 17. Nf3 Nc4 18. Rab1 Bf5 19. Bd3 Bg4 20. Be2 Re8 21.
Kf1 Bf5 22. Bd3 Be4 23. Nfd4 a6 24. Bxe4 dxe4 25. Nf5 Re6 26. Nd2 Bg5 27. Nxc4
Rxc4 28. Rd5 Rb6 29. h4 Bf6 30. Rdd1 Rc5 31. Rd6 Rxf5 32. Rxb6 Bxh4 33. Rxb7
Rxf2+ 34. Kg1 e3 35. Rb8+ Kh7 36. Re8 Rc2 37. Kf1 Bf2 38. a4 f5 39. b4 f4 40. b5
axb5 41. axb5 Bg3 42. b6 f3 43. gxf3 Rf2+ 44. Kg1 Bh2+ 45. Kh1 e2 46. Re1 Rf1+
47. Kxh2 Rxe1 48. c4 Rb1 49. c5 Rb5 50. Rxe2 Rxc5 51. Rb2 Rc8 52. b7 Rb8 53. Kg3
Kg6 54. Kg4 Kf7 55. f4 g6 56. Rb6 Kg7 57. Kf3 g5 58. f5 h5 59. Kg3 Kf7 60. Kf3
Kg7 61. Ke4 h4 62. Kf3 h3 63. Kg3 g4 64. Kh2 Kf7 65. Kg3 Kg7 66. Rb1 Kf6 67.
Kxg4 1/2-1/2

[Event "World Rapid 2023"]
[Site "Samarkand UZB"]
[Date "2023.12.27"]
[EventDate "2023.12.26"]
[Round "6.46"]
[Result "1/2-1/2"]
[White "Aleksey Grebnev"]
[Black "Gadir Guseinov"]
[WhiteElo "2525"]
[BlackElo "2636"]
[PlyCount "174"]

1. d4 Nf6 2. c4 g6 3. Nc3 Bg7 4. e4 d6 5. Nf3 O-O 6. Bd3 Bg4 7. Be2 Nfd7 8. Be3
a6 9. O-O c5 10. d5 b5 11. cxb5 axb5 12. Bxb5 Ne5 13. Be2 Nxf3+ 14. Bxf3 Bxf3
15. Qxf3 Nd7 16. Qe2 Qa5 17. Bg5 Rfe8 18. Rfc1 Qb4 19. Rc2 Nb6 20. h3 Qc4 21.
Qxc4 Nxc4 22. Nd1 Nb6 23. a3 Ra4 24. f3 f5 25. Re2 fxe4 26. fxe4 h6 27. Bd2 e6
28. dxe6 Rxe6 29. Nc3 Bxc3 30. Bxc3 Raxe4 31. Rxe4 Rxe4 32. Kf2 Na4 33. Rd1 Nxc3
34. bxc3 Rc4 35. Rxd6 Kf7 36. Rd1 Rxc3 37. Ra1 Ke6 38. a4 Kd6 39. a5 Kc7 40. a6
Kb8 41. a7+ Ka8 42. Ra6 h5 43. Rxg6 Kxa7 44. Rh6 c4 45. Rxh5 Kb6 46. Rh8 Kc7 47.
Rf8 Rc2+ 48. Kf3 Kd7 49. h4 c3 50. Rf4 Rc1 51. Rc4 Ke6 52. Kg4 Kd5 53. Rc8 Kd4
54. Kg5 Re1 55. h5 Re5+ 56. Kg4 Rc5 57. Rxc5 Kxc5 58. h6 c2 59. h7 c1=Q 60. h8=Q
Qd1+ 61. Kg3 Qd6+ 62. Kh3 Qd3+ 63. Kh2 Qd6+ 64. g3 Kd5 65. Qg7 Qe6 66. Qg5+ Kd6
67. Qd8+ Ke5 68. Qf8 Qg4 69. Qf2 Ke6 70. Qe3+ Kf5 71. Kg2 Kg6 72. Qe5 Kh6 73.
Kf2 Kg6 74. Kg2 Qf5 75. Qe8+ Kg7 76. Qe7+ Kg6 77. Qd6+ Kg7 78. Qc6 Qe5 79. Qc4
Qf5 80. g4 Qe5 81. Kf3 Qf6+ 82. Kg3 Qe5+ 83. Kg2 Qb2+ 84. Kh3 Qa3+ 85. Kg2 Qb2+
86. Kf3 Qf6+ 87. Qf4 Qxf4+ 1/2-1/2

[Event "World Rapid 2023"]
[Site "Samarkand UZB"]
[Date "2023.12.27"]
[EventDate "2023.12.26"]
[Round "6.47"]
[Result "1-0"]
[White "Yuriy Kuzubov"]
[Black "Vadim Zvjaginsev"]
[WhiteElo "2613"]
[BlackElo "2567"]
[PlyCount "134"]

1. d4 c5 2. d5 d6 3. Nc3 Nf6 4. e4 a6 5. a4 e6 6. dxe6 Bxe6 7. Nge2 Nc6 8. Nf4
Be7 9. Be2 Nd4 10. O-O O-O 11. Be3 Qb6 12. Nxe6 fxe6 13. Bc4 Kh8 14. b3 Rad8 15.
a5 Qc7 16. Bxd4 cxd4 17. Ne2 d5 18. exd5 exd5 19. Bd3 Ng4 20. g3 Bc5 21. b4 Bxb4
22. Nxd4 Qd7 23. Bf5 Rxf5 24. Nxf5 Qxf5 25. Ra4 Qe4 26. Qd3 Qe7 27. Qd4 Nxh2 28.
Kxh2 Bc5 29. Qd3 d4 30. Raa1 Bb4 31. Kg2 Bc3 32. Rab1 Bxa5 33. Rh1 h6 34. Rh5
Bc3 35. Rbh1 Qe6 36. Qf3 b5 37. R1h4 Kh7 38. Qb7 Kg8 39. Re4 Qf7 40. Re7 Qg6 41.
Rhe5 d3 42. R5e6 Qf5 43. cxd3 Qxd3 44. Re3 Qc4 45. Qxa6 Qd5+ 46. R3e4 b4 47.
Qe6+ Kh7 48. Qxd5 Rxd5 49. Rb7 Rd2 50. Kf3 Rb2 51. Rc4 Be1 52. Rcc7 Bc3 53. Ke3
Bf6 54. Rc6 Bc3 55. g4 Rc2 56. Rcc7 b3 57. Kd3 Be5 58. Rxc2 bxc2 59. Kxc2 Kg6
60. Rb5 Bd4 61. f3 Kf6 62. Kd3 Ba1 63. Ke4 g6 64. Rb6+ Kf7 65. f4 Bc3 66. f5
gxf5+ 67. Kxf5 1-0

[Event "World Rapid 2023"]
[Site "Samarkand UZB"]
[Date "2023.12.27"]
[EventDate "2023.12.26"]
[Round "6.48"]
[Result "1-0"]
[White "Javokhir Sindarov"]
[Black "Jakub Kosakowski"]
[WhiteElo "2701"]
[BlackElo "2479"]
[PlyCount "68"]

1. e4 c5 2. Nf3 e6 3. Nc3 a6 4. d4 cxd4 5. Nxd4 Nc6 6. Be3 Nf6 7. Be2 d6 8. O-O
Be7 9. a4 Bd7 10. Kh1 O-O 11. f4 Rc8 12. Qd2 e5 13. Nb3 Nb4 14. a5 Bc6 15. Rad1
Qc7 16. Bf3 Bd7 17. f5 d5 18. exd5 Bd6 19. g4 e4 20. Be2 Be5 21. g5 Ne8 22. Bb6
Bxc3 23. bxc3 Qxc3 24. Qxc3 Rxc3 25. Nc5 Bc8 26. d6 Nxd6 27. Rxd6 Rxc2 28. Bd1
Rc4 29. g6 hxg6 30. fxg6 fxg6 31. Rg1 Kh7 32. Rdxg6 Rf7 33. Bb3 Nd3 34. Nxd3 1-0

[Event "World Rapid 2023"]
[Site "Samarkand UZB"]
[Date "2023.12.27"]
[EventDate "2023.12.26"]
[Round "6.49"]
[Result "0-1"]
[White "Henriquez Villagra, Cristobal"]
[Black "Alisher Suleymenov"]
[WhiteElo "2607"]
[BlackElo "2513"]
[PlyCount "86"]

1. Nf3 c5 2. e3 Nf6 3. d4 d5 4. c3 Nbd7 5. Nbd2 e6 6. Ne5 Nxe5 7. dxe5 Nd7 8. f4
a6 9. Bd3 b5 10. O-O Bb7 11. Qg4 Qc7 12. Nf3 h6 13. Bd2 O-O-O 14. a4 bxa4 15.
Rxa4 Nb6 16. Ra2 Nc4 17. b3 Nxd2 18. Nxd2 c4 19. bxc4 Bc5 20. Qe2 dxc4 21. Nxc4
Qc6 22. Rb1 Qxg2+ 23. Qxg2 Bxg2 24. Nd6+ Bxd6 25. Bxa6+ Kd7 26. Kxg2 Bc5 27.
Rb7+ Ke8 28. Kf3 g6 29. Rc7 Bb6 30. Rc6 Ba7 31. Bb5 Bb8 32. Raa6 Kf8 33. Rab6
Kg7 34. Rb7 Rc8 35. Rxe6 Rxc3 36. Ree7 Rf8 37. e6 Kf6 38. Rxf7+ Rxf7 39. exf7
Rc8 40. Be8 Kg7 41. Rb6 g5 42. Rg6+ Kf8 43. Rg8+ 0-1

[Event "World Rapid 2023"]
[Site "Samarkand UZB"]
[Date "2023.12.27"]
[EventDate "2023.12.26"]
[Round "6.50"]
[Result "0-1"]
[White "Deshun Xiu"]
[Black "Kazybek Nogerbek"]
[WhiteElo "2510"]
[BlackElo "2483"]
[PlyCount "168"]

1. Nf3 d5 2. e3 Nf6 3. c4 e6 4. b3 Be7 5. Bb2 O-O 6. Nc3 c5 7. cxd5 exd5 8. d4
Nc6 9. Be2 Ne4 10. O-O Bf6 11. Na4 Bg4 12. Rc1 cxd4 13. Nxd4 Bxd4 14. Bxg4 Bxb2
15. Nxb2 Qf6 16. Na4 Rad8 17. Qc2 Rfe8 18. f3 Qg5 19. fxe4 Qxg4 20. Nc5 Ne5 21.
Rf4 Qc8 22. exd5 Rxd5 23. Rd4 Qc6 24. Rxd5 Qxd5 25. Qe4 Qd2 26. Rf1 b6 27. Na6
Qd7 28. Qd4 Qc8 29. Qa4 h6 30. Nc7 Rd8 31. Nb5 Rd2 32. Qe4 Qc6 33. Qxc6 Nxc6 34.
Rc1 Ne5 35. Nxa7 Rxa2 36. Nc8 b5 37. h3 b4 38. Rc5 Nd3 39. Rd5 Ne1 40. g4 Nf3+
41. Kf1 Nd2+ 42. Kg1 Rb2 43. Ne7+ Kh7 44. Nc6 Nf3+ 45. Kf1 Rxb3 46. Rf5 Rxe3 47.
Nxb4 Nd2+ 48. Kg2 f6 49. Nd5 Rd3 50. Nf4 Ra3 51. Ne2 Ne4 52. Rf4 Ng5 53. Ng1
Ra2+ 54. Rf2 Ra3 55. Re2 Kg6 56. Re7 Ra2+ 57. Kg3 f5 58. gxf5+ Kf6 59. Rd7 Ra3+
60. Kg2 Ne4 61. Nf3 Ra2+ 62. Kg1 Ng3 63. Rb7 Ra3 64. Kg2 Nxf5 65. Rb6+ Ke7 66.
Ne5 g5 67. Ng6+ Kf7 68. Ne5+ Kg7 69. Rg6+ Kh7 70. Rf6 Ne3+ 71. Kf2 Nd5 72. Rd6
Nf4 73. Rd7+ Kg8 74. h4 gxh4 75. Ng4 Ra6 76. Kf3 Nh3 77. Ne3 Ra3 78. Re7 Ng5+
79. Kg4 h3 80. Nf5 h2 81. Nxh6+ Kf8 82. Re1 Ne4 83. Rf1+ Ke8 84. Re1 h1=Q 0-1

[Event "World Rapid 2023"]
[Site "Samarkand UZB"]
[Date "2023.12.27"]
[EventDate "2023.12.26"]
[Round "6.51"]
[Result "0-1"]
[White "Guha Mitrabha"]
[Black "Sanan Sjugirov"]
[WhiteElo "2508"]
[BlackElo "2703"]
[PlyCount "106"]

1. d4 d5 2. Nc3 Nf6 3. Bf4 Bf5 4. e3 e6 5. Nf3 c6 6. Ne5 h6 7. g4 Bh7 8. h4 Nbd7
9. g5 Nxe5 10. gxf6 Ng6 11. fxg7 Bxg7 12. Bg3 Ne7 13. Bd3 Bxd3 14. Qxd3 Nf5 15.
Ne2 h5 16. O-O-O Qe7 17. Nf4 O-O-O 18. Qe2 Bf6 19. Nxh5 Bxh4 20. Bxh4 Nxh4 21.
Ng3 Qf6 22. Nh5 Qe7 23. Nf4 Nf5 24. c3 Nd6 25. Nd3 Rdg8 26. Rxh8 Rxh8 27. Qg4
Qf6 28. Rg1 Ne4 29. f3 Nd6 30. b3 Qh6 31. Qf4 Qxf4 32. Nxf4 Rh2 33. Rg2 Rh1+ 34.
Kd2 Kd7 35. Nd3 Ke7 36. Ne5 Nf5 37. Nd3 Rd1+ 38. Kxd1 Nxe3+ 39. Ke2 Nxg2 40. Nc5
b6 41. Nd3 f6 42. f4 Nh4 43. Kf2 Nf5 44. Kf3 Kd6 45. b4 Ke7 46. a4 Nd6 47. Nf2
Nc4 48. Nd3 Nd2+ 49. Ke3 Nb1 50. a5 Nxc3 51. axb6 axb6 52. Nb2 Kd6 53. Kd3 Na2 0-1

[Event "World Rapid 2023"]
[Site "Samarkand UZB"]
[Date "2023.12.27"]
[EventDate "2023.12.26"]
[Round "6.52"]
[Result "0-1"]
[White "Aleksey Dreev"]
[Black "Ortik Nigmatov"]
[WhiteElo "2606"]
[BlackElo "2439"]
[PlyCount "80"]

1. d4 d6 2. Nf3 Nf6 3. g3 g6 4. Bg2 Bg7 5. O-O O-O 6. c4 Nc6 7. Nc3 e5 8. h3
exd4 9. Nxd4 Nxd4 10. Qxd4 Nd7 11. Qd2 a5 12. Nd5 a4 13. Rb1 Ne5 14. Qc2 c6 15.
Nf4 Qe7 16. Bd2 h5 17. Bc3 h4 18. g4 Bh6 19. Nd3 Nxc4 20. e4 b5 21. Rbe1 Ne5 22.
f4 Nxd3 23. Qxd3 b4 24. Bxb4 c5 25. Bc3 Ba6 26. Qf3 Bxf1 27. Bxf1 Bg7 28. e5
dxe5 29. f5 Qg5 30. Bg2 Rad8 31. Qe4 Kh7 32. Rf1 Bh6 33. Kh1 Qe3 34. fxg6+ fxg6
35. Qb7+ Bg7 36. Re1 Qg3 37. a3 Rd3 38. Qe4 Rf2 39. Rc1 Re3 40. Qb7 Ref3 0-1

[Event "World Rapid 2023"]
[Site "Samarkand UZB"]
[Date "2023.12.27"]
[EventDate "2023.12.26"]
[Round "6.53"]
[Result "1-0"]
[White "Igor Lysyj"]
[Black "Zhandos Agmanov"]
[WhiteElo "2589"]
[BlackElo "2460"]
[PlyCount "124"]

1. d4 d5 2. c4 e6 3. Nc3 Nf6 4. cxd5 exd5 5. Bf4 Bd6 6. Bxd6 Qxd6 7. e3 Bf5 8.
Nf3 c6 9. Nh4 Be4 10. f3 Bg6 11. e4 dxe4 12. Nxg6 hxg6 13. fxe4 Qb4 14. a3 Qe7
15. Bc4 Nbd7 16. Qf3 c5 17. dxc5 Qxc5 18. Qe2 Rc8 19. Ba2 O-O 20. Qf2 Qxf2+ 21.
Kxf2 Nc5 22. Rad1 Ncxe4+ 23. Nxe4 Nxe4+ 24. Kf3 Ng5+ 25. Kg4 Nh7 26. Rd2 Rfe8
27. Rhd1 Rc5 28. g3 Nf6+ 29. Kf3 Ne4 30. Rd8 Ng5+ 31. Kf4 Rf5+ 32. Kg4 Kf8 33.
Rxe8+ Kxe8 34. Rd5 Ne4 35. Rxf5 gxf5+ 36. Kxf5 Nc5 37. Bc4 Ke7 38. b4 Nd7 39. h4
g6+ 40. Kf4 b6 41. g4 Nf6 42. Bb3 a5 43. bxa5 bxa5 44. Bc4 Nd7 45. h5 gxh5 46.
gxh5 Kf6 47. Ke4 Ne5 48. Be2 Ke6 49. h6 f5+ 50. Kd4 Kf6 51. h7 Ng6 52. Kc5 Kg7
53. Kb5 Nf4 54. Bc4 Ng6 55. Kxa5 Ne5 56. Bf1 Nf3 57. a4 f4 58. Kb5 Nd4+ 59. Kc4
Nc6 60. Kc5 Na5 61. Bg2 Kxh7 62. Kb4 1-0

[Event "World Rapid 2023"]
[Site "Samarkand UZB"]
[Date "2023.12.27"]
[EventDate "2023.12.26"]
[Round "6.54"]
[Result "0-1"]
[White "Venkataraman Karthik"]
[Black "Ter-Sahakyan, Samvel"]
[WhiteElo "2609"]
[BlackElo "2643"]
[PlyCount "80"]

1. e4 c5 2. Nf3 d6 3. Bb5+ Nd7 4. O-O a6 5. Be2 Ngf6 6. d3 b6 7. a4 g6 8. c3 Bg7
9. Re1 O-O 10. Nbd2 Bb7 11. Bf1 e5 12. b4 d5 13. Ba3 cxb4 14. cxb4 Re8 15. Bb2
Rc8 16. Rb1 h6 17. exd5 Nxd5 18. Nc4 Qc7 19. Rc1 Qb8 20. b5 axb5 21. axb5 Nf4
22. g3 Ne6 23. Bg2 Nec5 24. Ba3 Re6 25. Re3 Rce8 26. Bb4 Qd8 27. Bc3 Bd5 28.
Nfd2 Nf6 29. Nb3 Nxb3 30. Qxb3 Bxg2 31. Kxg2 Nd5 32. Ree1 Nxc3 33. Rxc3 e4 34.
Rcc1 exd3 35. Rxe6 Qd5+ 36. Kg1 Rxe6 37. Nd2 Qf5 38. Rf1 Re2 39. Qb4 Bf8 40. Qc3
Bc5 0-1

[Event "World Rapid 2023"]
[Site "Samarkand UZB"]
[Date "2023.12.27"]
[EventDate "2023.12.26"]
[Round "6.55"]
[Result "1-0"]
[White "Raymond Song"]
[Black "Arystanbek Urazayev"]
[WhiteElo "2503"]
[BlackElo "2472"]
[PlyCount "120"]

1. d4 d5 2. c4 e6 3. Nf3 Nf6 4. g3 Bb4+ 5. Bd2 Be7 6. Bg2 O-O 7. O-O c6 8. Qc2
Nbd7 9. Rd1 a5 10. Bf4 a4 11. h4 h6 12. Nbd2 Nh5 13. e3 Qa5 14. a3 Nxf4 15. exf4
b5 16. c5 b4 17. axb4 Qxb4 18. Ra3 Bf6 19. Nf1 Ba6 20. Rxa4 Qb7 21. Rda1 Bb5 22.
Rxa8 Rxa8 23. Rxa8+ Qxa8 24. Ne3 Qa1+ 25. Bf1 Qa6 26. Bxb5 Qxb5 27. Qc3 Nb8 28.
f5 exf5 29. Nxf5 Qe2 30. Kg2 Nd7 31. Nd6 Be7 32. Nf5 Bf8 33. b4 g6 34. Ne3 Bg7
35. Qc2 Qb5 36. h5 Nf8 37. hxg6 fxg6 38. Qd2 h5 39. Nc2 Qc4 40. Ne3 Qb3 41. Ng1
Qb1 42. Ne2 Qe4+ 43. f3 Qb1 44. Nf4 Bh6 45. Nd3 Ne6 46. Ne5 Bxe3 47. Qxe3 Qb2+
48. Qf2 Qxd4 49. Nxc6 Qd3 50. Ne5 Qc3 51. Nxg6 d4 52. Qe2 Kf7 53. Ne5+ Kg7 54.
Nd3 Kf7 55. c6 h4 56. b5 Kf6 57. Qe5+ Ke7 58. Nf4 Qc2+ 59. Kh3 Qb3 60. Nd5+ 1-0

[Event "World Rapid 2023"]
[Site "Samarkand UZB"]
[Date "2023.12.27"]
[EventDate "2023.12.26"]
[Round "6.56"]
[Result "1-0"]
[White "Mittal Aditya"]
[Black "Vahap Sanal"]
[WhiteElo "2595"]
[BlackElo "2595"]
[PlyCount "126"]

1. e4 e5 2. Nf3 Nc6 3. Bc4 Bc5 4. b4 Bb6 5. a4 a6 6. Nc3 d6 7. Nd5 Ba7 8. d3 h6
9. Bd2 Nf6 10. O-O O-O 11. h3 Nxd5 12. Bxd5 Be6 13. c3 Bxd5 14. exd5 Ne7 15. Qb3
Kh8 16. Be3 f5 17. Bxa7 Rxa7 18. a5 Qe8 19. Nd2 Ra8 20. Rae1 Qf7 21. f4 exf4 22.
Re6 Rae8 23. Rfe1 Ng6 24. Nf3 Rxe6 25. dxe6 Qe7 26. d4 Nh4 27. c4 Ng6 28. b5 Ra8
29. bxa6 Rxa6 30. Qb5 c5 31. Qb1 cxd4 32. Qxf5 Ne5 33. Nxe5 dxe5 34. Rxe5 Kg8
35. Rc5 Ra8 36. Rd5 Rf8 37. Qg4 Qf6 38. Rd7 f3 39. gxf3 Qe5 40. e7 Qe1+ 41. Kh2
Qe2+ 42. Qg2 Qe5+ 43. Qg3 Qe2+ 44. Qg2 Qe5+ 45. Qg3 Qe2+ 46. Kg1 Re8 47. Qg6
Qe1+ 48. Kg2 Qe2+ 49. Kg1 Qe1+ 50. Kg2 Qe2+ 51. Kg3 Qe5+ 52. Kg4 h5+ 53. Qxh5
Qe6+ 54. Qf5 Qxc4 55. Rd8 d3+ 56. f4 Qc6 57. Qf8+ Kh7 58. Qf5+ Kg8 59. Rxe8+
Qxe8 60. Qd5+ Kh7 61. Qxd3+ Kh6 62. Qd6+ g6 63. Qd8 1-0

[Event "World Rapid 2023"]
[Site "Samarkand UZB"]
[Date "2023.12.27"]
[EventDate "2023.12.26"]
[Round "6.57"]
[Result "0-1"]
[White "Kacper Piorun"]
[Black "Savva Vetokhin"]
[WhiteElo "2593"]
[BlackElo "2396"]
[PlyCount "108"]

1. e4 c5 2. Nf3 d6 3. Bc4 Nf6 4. d3 Nc6 5. O-O g6 6. c3 Bg7 7. Bb3 O-O 8. Nbd2
Nd7 9. Ne1 b5 10. a4 b4 11. Bd5 Bb7 12. cxb4 cxb4 13. a5 a6 14. Nc2 Rb8 15. Nc4
b3 16. N2e3 Nd4 17. Bd2 Bc8 18. Nb6 Nxb6 19. axb6 Qxb6 20. Nc4 Qb5 21. Ra5 Qd7
22. Ne3 e6 23. Bc4 Nc6 24. Ra4 Ne5 25. Ra3 Nxc4 26. Nxc4 d5 27. exd5 Qxd5 28.
Rxb3 Rxb3 29. Qxb3 Bb7 30. f3 Rd8 31. Ba5 Qxd3 32. Qxd3 Rxd3 33. Rc1 Bd5 34. Kf1
h5 35. Ke2 Rb3 36. Ne3 Rxb2+ 37. Kf1 Rb5 38. Rc8+ Kh7 39. Bd2 Rb2 40. Ke1 Rb7
41. Rd8 Bb3 42. Ra8 Rb6 43. Ra7 e5 44. Nf1 Bc4 45. Ng3 h4 46. Ne2 Rb1+ 47. Nc1
Bh6 48. Bxh6 Kxh6 49. Kd2 Rb2+ 50. Kc3 Rxg2 51. Kxc4 Rc2+ 52. Kd5 Rxc1 53. Rxa6
Rc3 54. Ke4 Kg5 0-1

[Event "World Rapid 2023"]
[Site "Samarkand UZB"]
[Date "2023.12.27"]
[EventDate "2023.12.26"]
[Round "6.58"]
[Result "0-1"]
[White "Artem Uskov"]
[Black "Aydin Suleymanli"]
[WhiteElo "2392"]
[BlackElo "2609"]
[PlyCount "94"]

1. c4 Nf6 2. Nf3 e6 3. e3 d5 4. b3 Be7 5. Bb2 O-O 6. Nc3 c5 7. cxd5 Nxd5 8. h4
b6 9. Qb1 Ba6 10. Ng5 g6 11. Nxh7 Bxf1 12. Kxf1 Kxh7 13. h5 f5 14. hxg6+ Kxg6
15. Nxd5 Qxd5 16. Qd1 e5 17. Qh5+ Kf6 18. e4 Qd3+ 19. Kg1 Ke6 20. Rh3 Qc2 21.
Bc3 Nc6 22. Re1 Kd7 23. Qe2 Qxe4 24. Qf1 Qd5 25. Rh7 Rf7 26. Rxf7 Qxf7 27. Bxe5
Nxe5 28. Rxe5 Bd6 29. Re3 Rh8 30. Qa6 Rh1+ 31. Kxh1 Qh5+ 32. Kg1 Qd1+ 33. Qf1
Bh2+ 34. Kxh2 Qxf1 35. Rf3 Ke6 36. a4 Qd1 37. Re3+ Kf6 38. Rd3 Qe2 39. Rd7 Qxf2
40. Rxa7 f4 41. Ra8 Qxd2 42. Rb8 Qd6 43. Rg8 f3+ 44. Kg1 Qd4+ 45. Kh2 Qh4+ 46.
Kg1 Qe1+ 47. Kh2 f2 0-1

[Event "World Rapid 2023"]
[Site "Samarkand UZB"]
[Date "2023.12.27"]
[EventDate "2023.12.26"]
[Round "6.59"]
[Result "0-1"]
[White "Benjamin Haldorsen"]
[Black "Mikhail Bryakin"]
[WhiteElo "2445"]
[BlackElo "2486"]
[PlyCount "184"]

1. e4 c5 2. Nc3 e6 3. Nf3 Nc6 4. d4 cxd4 5. Nxd4 Nf6 6. Ndb5 Bc5 7. Bf4 O-O 8.
Bc7 Qe7 9. Bd6 Bxd6 10. Qxd6 Qd8 11. Qg3 Ne8 12. O-O-O a6 13. Nd4 Qa5 14. Nb3
Qb4 15. h4 b5 16. h5 h6 17. e5 f6 18. exf6 Nxf6 19. Rh4 Qe7 20. Ne4 Nxe4 21.
Rxe4 Qf7 22. Rg4 d5 23. Bd3 e5 24. Rg6 Ne7 25. Qxe5 Nxg6 26. Bxg6 Qf6 27. Qxd5+
Be6 28. Qe4 Bf5 29. Qd5+ Kh8 30. Bxf5 Qxf5 31. f3 Rac8 32. Qxf5 Rxf5 33. Rh1 Re5
34. Nd4 Rc4 35. Rd1 Rxh5 36. b3 Rc8 37. Ne6 Rh2 38. Rd2 Re8 39. Nf4 g5 40. Nh3
Kg7 41. c4 bxc4 42. bxc4 Rc8 43. Rc2 Kf6 44. Kb2 h5 45. Kc3 Rg8 46. Nf2 Ke5 47.
Nd3+ Kd6 48. c5+ Kd5 49. Re2 g4 50. Re5+ Kc6 51. Nb4+ Kd7 52. Nd5 Rg6 53. Nf4
Rf6 54. Nxh5 Rf8 55. fxg4 Rxg2 56. g5 Rf3+ 57. Kb4 Rb2+ 58. Kc4 Rc2+ 59. Kd4
Rxa2 60. Nf6+ Kc6 61. Re6+ Kb5 62. g6 Rg2 63. Ne4 Rf1 64. Rb6+ Ka5 65. Rb3 Rxg6
66. Nd6 Rd1+ 67. Kc4 Rg4+ 68. Kc3 Rg3+ 69. Kc2 Rxb3 70. Kxb3 Rc1 71. Kb2 Rh1 72.
Kb3 Rh4 73. Kc3 Rf4 74. Kb3 Rb4+ 75. Kc3 Rg4 76. Kb3 Rg1 77. Kc4 Rc1+ 78. Kb3
Rf1 79. Kc4 Ka4 80. c6 Rc1+ 81. Kd5 Kb4 82. Ne4 a5 83. Kd6 Kb5 84. c7 Kb6 85.
Nf6 Rc6+ 86. Kd5 Rxc7 87. Ne4 Kb5 88. Kd4 Rc4+ 89. Kd3 Rxe4 90. Kxe4 Kc4 91. Ke3
Kc3 92. Ke2 Kc2 0-1

[Event "World Rapid 2023"]
[Site "Samarkand UZB"]
[Date "2023.12.27"]
[EventDate "2023.12.26"]
[Round "6.60"]
[Result "1/2-1/2"]
[White "Daniyal Sapenov"]
[Black "Vugar Asadli"]
[WhiteElo "2350"]
[BlackElo "2562"]
[PlyCount "78"]

1. e4 c5 2. Nf3 e6 3. d4 cxd4 4. Nxd4 Nf6 5. Nc3 Nc6 6. a3 Be7 7. Nxc6 bxc6 8.
e5 Nd5 9. Qg4 g6 10. Qg3 d6 11. Ne4 dxe5 12. h4 f5 13. Qxe5 O-O 14. Ng5 Bf6 15.
Qg3 e5 16. Bc4 Rb8 17. Bb3 f4 18. Qf3 Bxg5 19. hxg5 e4 20. Qe2 Rxb3 21. cxb3 e3
22. fxe3 fxe3 23. Rf1 Rxf1+ 24. Kxf1 Qb6 25. Kg1 Ba6 26. Qe1 Qd4 27. Kh2 Bd3 28.
Qg3 Kf7 29. a4 a6 30. b4 e2 31. Bd2 Qxb2 32. Qxd3 Qe5+ 33. g3 Qxa1 34. Qf3+ Kg8
35. Qxe2 Qxa4 36. Qe8+ Kg7 37. Bc3+ Nxc3 38. Qe7+ Kg8 39. Qe8+ Kg7 1/2-1/2

[Event "World Rapid 2023"]
[Site "Samarkand UZB"]
[Date "2023.12.27"]
[EventDate "2023.12.26"]
[Round "6.61"]
[Result "0-1"]
[White "Lev Zverev"]
[Black "Roman Kezin"]
[WhiteElo "2343"]
[BlackElo "2502"]
[PlyCount "70"]

1. e4 c5 2. Nf3 e6 3. d4 cxd4 4. Nxd4 Nc6 5. Nc3 Qc7 6. Be3 a6 7. Qd2 Nf6 8. f4
Bb4 9. Bd3 b5 10. a3 Be7 11. h3 Bb7 12. e5 Nh5 13. O-O Nxd4 14. Bxd4 Ng3 15.
Rfe1 h5 16. Rad1 Rc8 17. Kh2 h4 18. Qf2 Bc6 19. f5 Qb7 20. fxe6 dxe6 21. Ne2 Rd8
22. Be3 Ne4 23. Qf1 Rh5 24. Nf4 Rxe5 25. Qe2 Ng3 26. Qd2 g5 27. Ne2 Bxg2 28.
Nxg3 hxg3+ 29. Kg1 Bxh3 30. a4 Kf8 31. a5 Rxe3 32. Rxe3 Bc5 33. Re1 f5 34. b4
Ba7 35. Re2 f4 0-1

[Event "World Rapid 2023"]
[Site "Samarkand UZB"]
[Date "2023.12.27"]
[EventDate "2023.12.26"]
[Round "6.38"]
[Result "1-0"]
[White "Rudik Makarian"]
[Black "Mukhammadali Abdurakhmonov"]
[WhiteElo "2530"]
[BlackElo "2409"]
[PlyCount "84"]

1. d4 Nf6 2. c4 e6 3. Nf3 d5 4. g3 Bb4+ 5. Bd2 Be7 6. Bg2 O-O 7. O-O c6 8. Qc2
Nbd7 9. Bf4 a5 10. h4 h6 11. Nbd2 Nh5 12. e3 a4 13. a3 Nxf4 14. exf4 dxc4 15.
Nxc4 Nb6 16. Nce5 Nd5 17. Rfe1 Bd7 18. Nd3 b6 19. Nfe5 Bd6 20. Rac1 Bxe5 21.
Nxe5 Ne7 22. Red1 Be8 23. Nxc6 Bxc6 24. Bxc6 Nxc6 25. Qxc6 Ra5 26. Rc4 Qa8 27.
Qxa8 Rfxa8 28. Rb4 Rc8 29. Rxb6 Rc4 30. Kg2 g5 31. d5 exd5 32. hxg5 hxg5 33.
fxg5 Kg7 34. Rd6 Rb5 35. R6xd5 Rxb2 36. R1d4 Rcc2 37. Rf5 Kg6 38. g4 Ra2 39.
Rxa4 Rc3 40. Ra6+ Kg7 41. Ra7 Rcxa3 42. Rfxf7+ 1-0

[Event "World Rapid 2023"]
[Site "Samarkand UZB"]
[Date "2023.12.27"]
[EventDate "2023.12.26"]
[Round "6.63"]
[Result "1/2-1/2"]
[White "Sumiya Bilguun"]
[Black "Khumoyun Begmuratov"]
[WhiteElo "2466"]
[BlackElo "2371"]
[PlyCount "110"]

1. e4 c5 2. Nf3 d6 3. d4 cxd4 4. Nxd4 Nf6 5. Nc3 a6 6. f4 e5 7. Nf3 Nbd7 8. a4
Qc7 9. Bd3 Be7 10. O-O O-O 11. Kh1 Nc5 12. Qe1 exf4 13. Bxf4 Re8 14. Bg5 Be6 15.
Nd4 Qd8 16. Be3 Rc8 17. Nf5 Ncd7 18. Nxe7+ Qxe7 19. Bg5 Rc5 20. Qd2 h6 21. Bf4
Ne5 22. h3 Nfd7 23. Rae1 Rec8 24. Qf2 Nf8 25. Be3 R5c7 26. Bb6 Rd7 27. Bd4 Nfg6
28. Be2 Qd8 29. Qg3 Qh4 30. Qxh4 Nxh4 31. Rd1 Nhg6 32. Bg1 Bc4 33. Bd3 b5 34.
axb5 axb5 35. Bxc4 Rxc4 36. Nxb5 Rxc2 37. b3 Rb7 38. Nd4 Rb2 39. Ra1 Nd3 40.
Ra8+ Kh7 41. Nf5 R7xb3 42. Nxd6 f6 43. Bd4 Rb1 44. Rxb1 Rxb1+ 45. Kh2 Ngf4 46.
Ra7 Kg8 47. Ra8+ Kh7 48. Ra7 Kg8 49. Re7 Ng6 50. Re8+ Kh7 51. Nf5 Rb7 52. Rd8
Nde5 53. Kg3 Rb3+ 54. Kh2 Rb7 55. Ra8 1/2-1/2

[Event "World Rapid 2023"]
[Site "Samarkand UZB"]
[Date "2023.12.27"]
[EventDate "2023.12.26"]
[Round "6.64"]
[Result "1-0"]
[White "Surya Shekhar Ganguly"]
[Black "Ramazan Zhalmakhanov"]
[WhiteElo "2578"]
[BlackElo "2493"]
[PlyCount "140"]

1. Nf3 c5 2. c4 Nc6 3. d4 cxd4 4. Nxd4 g6 5. e4 Bg7 6. Be3 Qb6 7. Nb3 Qd8 8. Nd4
Qb6 9. Nb5 Qa5+ 10. N5c3 Nf6 11. Nd2 d6 12. Be2 O-O 13. O-O Be6 14. Rc1 Rfc8 15.
f4 a6 16. a3 Rab8 17. Nd5 Nd7 18. Nb3 Qa4 19. e5 Bxd5 20. cxd5 Nd8 21. exd6 exd6
22. Nd4 Qa5 23. Rxc8 Rxc8 24. Bg4 Rc7 25. Bxd7 Rxd7 26. Qf3 Qa4 27. Qe4 Rc7 28.
f5 Be5 29. f6 Rc4 30. b3 Rxd4 31. Bxd4 Qxd4+ 32. Qxd4 Bxd4+ 33. Kh1 Kf8 34. h4
Bb2 35. a4 a5 36. g4 h6 37. g5 hxg5 38. hxg5 b6 39. Kg2 Nb7 40. Rh1 Kg8 41. Rb1
Bd4 42. b4 Kf8 43. Kf3 axb4 44. Rxb4 Bc5 45. Rh4 Ke8 46. Re4+ Kf8 47. Re7 Na5
48. Ra7 Ke8 49. Re7+ Kf8 50. Ra7 Ke8 51. Ra8+ Kd7 52. Rf8 Nc4 53. Rxf7+ Ke8 54.
Re7+ Kf8 55. Kf4 Ba3 56. Rc7 Ne5 57. Ke4 Bb4 58. Rc6 Bc5 59. Rc8+ Kf7 60. Rc7+
Kf8 61. a5 Nc4 62. a6 b5 63. a7 Bxa7 64. Rxa7 Nd2+ 65. Kf4 b4 66. Rb7 b3 67. Rb4
Kf7 68. Rb7+ Kf8 69. Rb8+ Kf7 70. Rb4 1-0